000
00192 a2200097 4500
001
52534
100
_a
Briskin J
245
_a
Decade
260
_a
London
_b
Granada
_c
090
_c
33021
_d
33021
942
_a
NUST-CAE
_c
M
_c
25583
999
_c
287607
_d
287607